000
00343nam a2200157Ia 4500
100
_a
Barnett/Richard
650
_a
Programming
942
_c
BK
366
_f
20
245
_a
Embedded C Programming and the Atmel AVR
260
_b
Cengage Learning
_c
2007
082
_a
003.3/BAR
_b
BAR
300
_a
459
546
_a
ENGLISH
999
_c
22268
_d
22268